Diesel engines / (Record no. 2868)

000 -LEADER
fixed length control field 00483nam a2200193Ia 4500
008 - FIXED-LENGTH DATA ELEMENTS--GENERAL INFORMATION
fixed length control field 190719s9999||||xx |||||||||||||| ||und||
020 ## - INTERNATIONAL STANDARD BOOK NUMBER
International Standard Book Number 9788131215418
Terms of availability 450
082 ## - DEWEY DECIMAL CLASSIFICATION NUMBER
Classification number 623.87236
Item number W553
100 ## - MAIN ENTRY--PERSONAL NAME
Personal name Wharton, A. J
245 #0 - TITLE STATEMENT
Title Diesel engines /
250 ## - EDITION STATEMENT
Edition statement 3rd ed.
260 ## - PUBLICATION, DISTRIBUTION, ETC. (IMPRINT)
Place of publication, distribution, etc Oxford:
Name of publisher, distributor, etc Butterworth-Heinnemann,
Date of publication, distribution, etc 1975.
300 ## - PHYSICAL DESCRIPTION
Extent viii,130p.
Other physical details pbk
650 ## - SUBJECT ADDED ENTRY--TOPICAL TERM
Topical term or geographic name as entry element Marine diesel motors
Topical term or geographic name as entry element Marine engines
942 ## - ADDED ENTRY ELEMENTS (KOHA)
Item type Books
Holdings
Withdrawn status Lost status Source of classification or shelving scheme Damaged status Not for loan Permanent location Current location Date acquired Source of acquisition Full call number Barcode Date last seen Cost, replacement price Koha item type Total Checkouts Date last borrowed
          IMU Kolkata IMU Kolkata 2010-03-19 Jyoti, the Book People 623.87236 W553 11054 2020-03-17 350.00 Books    
          IMU Kolkata IMU Kolkata 2010-03-19 Jyoti, the Book People 623.87236 W553 11055 2020-03-17 350.00 Books    
          IMU Kolkata IMU Kolkata 2010-03-19 Jyoti, the Book People 623.87236 W553 11056 2023-02-23 350.00 Books 2 2023-02-13
          IMU Kolkata IMU Kolkata 2010-03-19 Jyoti, the Book People 623.87236 W553 11057 2020-03-17 350.00 Books    
Designed and Maintained by IMU-KC Library, Kolkata Campus © Copyright All Rights Reserved

webs counters

Powered by Koha